• 首页
  • 本馆介绍
  • 公告通知
  • 最新文献
  • 馆藏检索
  • 电子资源
  • 读者导购
  • 参考咨询
  • 我的图书馆
  • 登录
  • 详细信息显示
  • 放入我的书架
  • 预约/预借图书
  • 作者相关作品
  • 分类相关作品
  • 丛书相关作品
  • 出版社相关作品

书目信息

  • 表格格式
  • 工作单格式
  • 卡片格式
题名:
中国古代文明
    
 
作者: 安东尼奥.阿马萨里 著 ;刘儒庭...[等] 译
分册:  
出版信息: 北京   社会科学文献出版社  1997.12
页数: 240页
开本: 32开
丛书名:
单 册:
中图分类: K21
科图分类:
主题词: 中国--古代史--原始社会
电子资源:
ISBN: 7-80050-182-5
000 00853nam0 2200217 45
001 0011200844
005 20031219104047.4
010    @a7-80050-182-5@dCNY16.00
100    @a20001120d1997 km y0chiy0120 ea
101 0  @achi
105    @a z 000yy
200 1  @a中国古代文明@AZhong Guo Gu Dai Wen Ming@e从商朝甲骨刻辞看中国上古文@ECong Shang Chao Jia Gu Ke Ci Kan Zhong Guo Shang Gu Wen@f(意)安东尼奥.阿马萨里著@F(Yi)An Dong Ni Ao.A Ma Sa Li Zhu@g刘儒庭...[等]译
210    @a北京@c社会科学文献出版社@d1997.12
215    @a240页@d32开
517    @a从商朝甲骨刻辞看中国上古文@ACong Shang Chao Jia Gu Ke Ci Kan Zhong Guo Shang Gu Wen
606 0  @a中国@x古代史@x原始社会
690    @aK21@v1
701  0 @a安东尼奥.阿马萨里@4著
702  0 @a刘儒庭...[等]@ALiu Ru Ting...[Deng]@4译
801    @aCN@bTSTC@c20001120
905    @b292939-948@dK21@e13=2@f10
    
    中国古代文明:从商朝甲骨刻辞看中国上古文/(意)安东尼奥.阿马萨里著/刘儒庭...[等]译.-北京:社会科学文献出版社,1997.12
    240页;32开
    
    
    ISBN 7-80050-182-5:CNY16.00
    
●
相关链接 在E读中查询图书 在五车中查询图书 在当当中查询图书 在豆瓣中查询图书


正题名:中国古代文明     索取号:K21/13=2         预约/预借

序号 登录号 条形码 馆藏地/架位号 状态 备注
1 0292939   002929399   第二借阅区/ [索取号:K21/13=2] 在馆    
2 0292940   002929406   第二借阅区/ [索取号:K21/13=2] 在馆    
3 0292941   002929415   第二借阅区/ [索取号:K21/13=2] 在馆    
4 0292942   002929424   第二借阅区/ [索取号:K21/13=2] 在馆    
5 0292943   002929433   第二借阅区/ [索取号:K21/13=2] 在馆    
6 0292944   002929442   第二借阅区/ [索取号:K21/13=2] 在馆    
7 0292945   002929451   第二借阅区/ [索取号:K21/13=2] 在馆    
8 0292946   002929460   第二借阅区/ [索取号:K21/13=2] 在馆    
9 0292947   002929479   第二借阅区/ [索取号:K21/13=2] 在馆    
10 0292948   002929488   第二样本阅览室/ [索取号:K21/13=2] 在馆    
唐山师范学院图书馆 欢迎您!
大连网信软件有限公司© 版权所有